000 00438nam a22001577a 4500
003 OSt
005 20240415162232.0
008 240415b |||||||| |||| 00| 0 eng d
040 _cMRSPTU
100 _aMegh Rai Mitter (ਮੇਘ ਰਾਜ ਮਿੱਤਰ)
245 _aNanha Tarksheel (ਨੰਨ੍ਹਾ ਤਰਕਸ਼ੀਲ)
250 _a1st
260 _aPunjab
_bTarkbharti Parkashan
_c1999
300 _a80
942 _2ddc
_cBK
_n0
999 _c10034
_d10034